000 00395nam a22001337a 4500
999 _c3624
_d3624
008 200623b ||||| |||| 00| 0 eng d
082 0 0 _a629.8
_bS522
110 _92990
_aScientific Film Association, London
245 1 0 _aFilms and automation
_cby Scientific Film Association, London
260 _aLondon
_bScientific Film Association
_c1957
300 _a23p.
650 0 _aPhotography
942 _cBK